ბათუმის შოთა რუსთაველის სახელმწიფო უნივერსიტეტის ბიბლიოთეკა

Теория химического матагенеза (ბიბ.ჩანაწერი № 45560)

000 -LEADER
fixed length control field 00510nam a2200193Ia 4500
001 - CONTROL NUMBER
control field 12386
003 - CONTROL NUMBER IDENTIFIER
control field GE_BSU
008 - FIXED-LENGTH DATA ELEMENTS--GENERAL INFORMATION
fixed length control field 181216s||||||||xx |||||||||||||| ||und||
040 ## - CATALOGING SOURCE
Transcribing agency GE_BSU
080 ## - UNIVERSAL DECIMAL CLASSIFICATION NUMBER
Universal Decimal Classification number 575.2
245 ## - TITLE STATEMENT
Title Теория химического матагенеза
245 ## - TITLE STATEMENT
Statement of responsibility, etc. Ред.И.П.Ермаков
260 ## - PUBLICATION, DISTRIBUTION, ETC.
Place of publication, distribution, etc. Москва
260 ## - PUBLICATION, DISTRIBUTION, ETC.
Name of publisher, distributor, etc. Наука
260 ## - PUBLICATION, DISTRIBUTION, ETC.
Date of publication, distribution, etc. 1971
300 ## - PHYSICAL DESCRIPTION
Extent 255стр.22см.
653 ## - INDEX TERM--UNCONTROLLED
Uncontrolled term Теория химического матагенеза
942 ## - ADDED ENTRY ELEMENTS (KOHA)
Koha item type წიგნი
ეგზემპლარები
Withdrawn status Lost status Damaged status Not for loan Date acquired Barcode Date last seen Price effective from Koha item type
        2018-12-17 20435 2018-12-17 2018-12-17 წიგნი